| 000 | 00993nam a22003257a 4500 | ||
|---|---|---|---|
| 003 | CHAP | ||
| 005 | 20220329141650.0 | ||
| 008 | 971013s1920 r 00010 d | ||
| 010 | _a71860 | ||
| 011 | _a72832 | ||
| 035 | _a82388 | ||
| 040 | _cCHAP | ||
| 090 | _aFolleto 6539 | ||
| 100 | 0 | 0 |
_aGándara, Guillermo. _948392 |
| 245 | _aEnfermedades y plagas del naranjo | ||
| 260 |
_aMéxico, D.F. : _bDirección de Agricultura, _c1920 |
||
| 300 |
_a40 p. _b: lám. : ilus. |
||
| 490 |
_aBoletín _v; 111 |
||
| 501 | _aEnc. con otros impresos similares | ||
| 590 |
_aBATCH-UPD _b10 _c20130110 _lUCH01 _h1703 |
||
| 590 |
_aBATCH-UPD _b10 _c20130410 _lUCH01 _h1051 |
||
| 590 |
_aBATCH-UPD _b10 _c20130914 _lUCH01 _h0651 |
||
| 590 |
_aCONVERSION _b10 _c20130109 _lUCH01 _h1339 |
||
| 650 | 1 | 4 |
_aNaranja _xEnfermedades. _980155 |
| 650 | 1 | 4 |
_aNaranja _xPlagas. _980182 |
| 830 | 0 |
_aBoletín _v; 111 _913507 |
|
| 901 | _aBK | ||
| 942 | _cFOLL | ||
| 949 |
_aFolleto 6539 _bBC _cBPP _d-36430 _eBPP _i82388 _mD _si |
||
| 999 |
_c71860 _d71860 |
||